000 00264nam a2200109Ia 4500
008 220216s9999 xx 000 0 und d
100 _aKumaran M G
245 0 _aLatex clarifier A boon to processors
260 _bRubber Asia
_c1990
300 _a47-49
942 _cJS
999 _c61994
_d61994